<?xml version="1.0" encoding="UTF-8"?>
<record
    xmlns:xsi="http://www.w3.org/2001/XMLSchema-instance"
    xsi:schemaLocation="http://www.loc.gov/MARC21/slim http://www.loc.gov/standards/marcxml/schema/MARC21slim.xsd"
    xmlns="http://www.loc.gov/MARC21/slim">

  <leader>00737nam a2200217   4500</leader>
  <datafield tag="952" ind1=" " ind2=" ">
    <subfield code="a">0001</subfield>
    <subfield code="b">0001</subfield>
    <subfield code="d">2019-10-09</subfield>
    <subfield code="l">0</subfield>
    <subfield code="o">923.5 Yaz&#x131;c&#x131;o&#x11F;lu,R. F39v 2001</subfield>
    <subfield code="p">011999</subfield>
    <subfield code="r">2019-10-09 00:00:00</subfield>
    <subfield code="w">2019-10-09</subfield>
    <subfield code="x">Ertu&#x11F;rul &#xC7;epni ba&#x11F;&#x131;&#x15F;&#x131;d&#x131;r.</subfield>
    <subfield code="y">BKS</subfield>
  </datafield>
  <datafield tag="999" ind1=" " ind2=" ">
    <subfield code="c">13534</subfield>
    <subfield code="d">13534</subfield>
  </datafield>
  <controlfield tag="003">MIRAKIL</controlfield>
  <controlfield tag="005">20191009123206.0</controlfield>
  <controlfield tag="008">191009b        tu ||||| |||| 00| 0 tur d</controlfield>
  <datafield tag="040" ind1=" " ind2=" ">
    <subfield code="a">TR-AnCHP</subfield>
    <subfield code="c">TR-AnCHP</subfield>
  </datafield>
  <datafield tag="041" ind1=" " ind2=" ">
    <subfield code="a">tur</subfield>
  </datafield>
  <datafield tag="082" ind1=" " ind2=" ">
    <subfield code="a">923.5 Yaz&#x131;c&#x131;o&#x11F;lu,R.</subfield>
    <subfield code="b">F39v 2001</subfield>
  </datafield>
  <datafield tag="100" ind1=" " ind2=" ">
    <subfield code="a">Feyzio&#x11F;lu, Elvan</subfield>
  </datafield>
  <datafield tag="245" ind1="1" ind2="0">
    <subfield code="a">Vali Recep Yaz&#x131;c&#x131;o&#x11F;lu :</subfield>
    <subfield code="b"> u&#xE7;an ku&#x15F;lar g&#xFC;l&#xFC;mser / </subfield>
    <subfield code="c">Elvan Feyzio&#x11F;lu.</subfield>
  </datafield>
  <datafield tag="246" ind1=" " ind2=" ">
    <subfield code="a">u&#xE7;an ku&#x15F;lar g&#xFC;l&#xFC;mser</subfield>
  </datafield>
  <datafield tag="260" ind1=" " ind2=" ">
    <subfield code="a">&#x130;zmir : </subfield>
    <subfield code="b">Yaz&#x131;c&#x131; Yay&#x131;nevi, </subfield>
    <subfield code="c">2001.</subfield>
  </datafield>
  <datafield tag="300" ind1=" " ind2=" ">
    <subfield code="a">256 s.:</subfield>
    <subfield code="b">fotg.;</subfield>
    <subfield code="c">22 sm.</subfield>
  </datafield>
  <datafield tag="600" ind1="1" ind2="4">
    <subfield code="9">4152</subfield>
    <subfield code="a">Yaz&#x131;c&#x131;o&#x11F;lu, Recep</subfield>
    <subfield code="c">Vali</subfield>
    <subfield code="d">1948 - 2003</subfield>
    <subfield code="x">ya&#x15F;am&#xF6;yk&#xFC;s&#xFC;</subfield>
  </datafield>
  <datafield tag="650" ind1=" " ind2="0">
    <subfield code="9">6014</subfield>
    <subfield code="a">Kamu y&#xF6;neticileri</subfield>
    <subfield code="x">Valiler</subfield>
    <subfield code="x">Ya&#x15F;am&#xF6;yk&#xFC;s&#xFC;</subfield>
  </datafield>
  <datafield tag="740" ind1=" " ind2=" ">
    <subfield code="a"> u&#xE7;an ku&#x15F;lar g&#xFC;l&#xFC;mser</subfield>
  </datafield>
  <datafield tag="942" ind1=" " ind2=" ">
    <subfield code="2">ddc</subfield>
    <subfield code="c">BKS</subfield>
  </datafield>
</record>
